One-Syllable Presidents Quiz Stats

 Plays Quiz Updated Oct 23, 2020

Support Sporcle.
Go Orange.
Score 0/9 Timer 01:00
2 Plays Today
% Correct
George W. Bush
94.1%
George H. W. Bush
94.1%
Gerald Ford
76.6%
William Howard Taft
76.5%
James K. Polk
74.7%
Donald Trump
72.2%
Ulysses S. Grant
61.6%
Franklin Pierce
46.8%
Rutherford B. Hayes
42.9%

From the Vault

Book Title Pictograms

by SporcleEXP

Writing a book in pictograms only would be tricky.
Remove Ads.
Support Sporcle.
Get the best of Sporcle when you Go Orange. This ad-free experience offers more features, more stats, and more fun while also helping to support Sporcle. Thank you for becoming a member.

Show Comments

Extras

Top Quizzes Today


Score Distribution

Your Account Isn't Verified!

In order to create a playlist on Sporcle, you need to verify the email address you used during registration. Go to your Sporcle Settings to finish the process.

Report this User

Report this user for behavior that violates our Community Guidelines.

Details: